000 00929nam a2200277 i 4500
001 bg
003 KOSZ 005
005 20191214090754.0
008 081108s1951 pl a f 000 0 pol
015 _aPB 1951/1
040 _aWA N
_cKOSZ 005/RW
_dKOSZ 005/RW
041 1 _apol
_hrus
080 _a335
100 1 _aLenin, Włodzimierz
_d(1870-1924).
_eAutor
245 1 0 _aDzieła wybrane :
_b[w dwóch tomach].
_nT. 1 /
_cW. I. Lenin.
246 1 _iTyt. oryg.:
_aIzbrannye proizvedeniâ
250 _aWyd. 2.
260 _aWarszawa :
_b"Książka i Wiedza",
_c1951.
300 _a913 s., [3] k. tabl. :
_bil. ;
_c25 cm.
380 _aKsiążki.
546 _aTł. z ros.
650 4 _aMarksizm
710 2 _aSpółdzielnia Wydawniczo-Handlowa "Książka i Wiedza"
_4pbl.
856 _uhttp://koha.tu.koszalin.pl/cgi-bin/koha/opac-detail.pl?biblionumber=8022
_yKatalog online BPK
942 _2UKD
_cKS
999 _c8022
_d8022